000 00342 a2200109 4500
001 ART_10027
005 20260410161839.0
008 260409a
245 1 0 _aLa inflación y las inversiones en la empresa
100 1 _aWajchman, Mauricio
773 0 _tContabilidad y administración
_g- Año 7, Nº 80 (feb. 1984)
_wREV5485
999 _c23965
_d23965